Biggest Cities in Peru - Statistics

General Stats
  • This quiz has been taken 76 times
  • The average score is 6 of 10
Answer Stats
Population City % Correct
11.160.000 Lima
100%
492.000 Cusco
92%
1.125.000 Arequipa
91%
1.025.000 Trujillo
75%
431.000 Iquitos
66%
451.000 Huancayo
43%
663.000 Chiclayo
40%
395.000 Chimbote
38%
547.000 Piura
19%
396.000 Pucallpa
19%
No matching quizzes found
Score Distribution
Percent of People with Each Score
Percentile by Number Answered
Your Score History
You have not taken this quiz